All Pokémon Stone Evolutions - Statistics

General Stats
  • This quiz has been taken 48 times
  • The average score is 37 of 53
Answer Stats
Hint Answer % Correct
Thunder Stone Raichu
100%
Thunder Stone Raichu (Alola)
100%
Fire Stone Flareon
93%
Thunder Stone Jolteon
93%
Ice Stone Glaceon
90%
Leaf Stone Leafeon
90%
Fire Stone Ninetales
90%
Ice Stone Ninetales (Alola)
90%
Fire Stone Arcanine
87%
Fire Stone Arcanine (Hisui)
87%
Moon Stone Clefable
87%
Moon Stone Nidoking
87%
Moon Stone Nidoqueen
87%
Water Stone Vaporeon
87%
Sun Stone Bellossom
83%
Dawn Stone Gallade
83%
Dusk Stone Honchkrow
83%
Leaf Stone Vileplume
83%
Dusk Stone Mismagius
77%
Shiny Stone Togekiss
77%
Moon Stone Wigglytuff
77%
Dawn Stone Froslass
73%
Ice Stone Sandslash (Alola)
73%
Sun Stone Sunflora
73%
Leaf Stone Victreebel
73%
Thunder Stone Magnezone
70%
Water Stone Poliwrath
70%
Water Stone Starmie
70%
Ice Stone Cetitan
67%
Water Stone Cloyster
67%
Fire Stone Scovillain
63%
Thunder Stone Bellibolt
60%
Shiny Stone Cinccino
60%
Leaf Stone Exeggutor (Kanto/Alola)
60%
Shiny Stone Roserade
60%
Fire Stone Simisear
60%
Dusk Stone Chandelure
57%
Sun Stone Heliolisk
57%
Sun Stone Lilligant (Unova/Hisui)
57%
Water Stone Simipour
57%
Leaf Stone Simisage
57%
Thunder Stone Vikavolt
57%
Sun Stone Whimsicott
57%
Ice Stone Crabominable
53%
Thunder Stone Eelektross
50%
Leaf Stone Electrode (Hisui)
50%
Water Stone Ludicolo
50%
Leaf Stone Shiftry
50%
Dusk Stone Aegislash
47%
Shiny Stone Florges
43%
Moon Stone Musharna
40%
Moon Stone Delcatty
37%
Ice Stone Darmanitan (Galar)
33%
No matching quizzes found
Score Distribution
Percent of People with Each Score
Percentile by Number Answered
Your Score History
You have not taken this quiz